[Event "Russian Blitz Team Championship (m)"]
[Site "Sochi"]
[Date "2022.10.17"]
[Round "11.11"]
[White "Timofeev, Artyom"]
[Black "Fedorov, Alexei"]
[Result "1-0"]
[BlackElo "2521"]
[WhiteElo "2579"]
[LiveChessVersion "1.4.8"]

1. e4 {[%clk 0:03:02]} c5 {[%clk 0:03:03]} 2. Nf3 {[%clk 0:03:02]} Nc6
{[%clk 0:03:04]} 3. Bc4 {[%clk 0:03:00]} e6 {[%clk 0:02:54]} 4. O-O
{[%clk 0:02:59]} a6 {[%clk 0:02:51]} 5. c3 {[%clk 0:02:51]} d5 {[%clk 0:02:47]}
6. exd5 {[%clk 0:02:52]} exd5 {[%clk 0:02:48]} 7. Re1+ {[%clk 0:02:53]} Be7
{[%clk 0:02:48]} 8. Bf1 {[%clk 0:02:53]} Nf6 {[%clk 0:02:41]} 9. d4
{[%clk 0:02:53]} O-O {[%clk 0:02:41]} 10. h3 {[%clk 0:02:52]} h6 {[%clk 0:02:27]}
11. Be3 {[%clk 0:02:52]} c4 {[%clk 0:02:24]} 12. Nbd2 {[%clk 0:02:30]} Bd6
{[%clk 0:02:15]} 13. Ne5 {[%clk 0:02:19]} Nxe5 {[%clk 0:01:47]} 14. dxe5
{[%clk 0:02:20]} Bxe5 {[%clk 0:01:47]} 15. Bxh6 {[%clk 0:02:19]} Bc7
{[%clk 0:01:39]} 16. Be3 {[%clk 0:02:06]} Qd6 {[%clk 0:01:33]} 17. g3
{[%clk 0:02:07]} Bf5 {[%clk 0:01:27]} 18. Bf4 {[%clk 0:02:05]} Qc6
{[%clk 0:01:23]} 19. Bxc7 {[%clk 0:02:05]} Qxc7 {[%clk 0:01:25]} 20. Nf3
{[%clk 0:02:05]} Rfe8 {[%clk 0:01:18]} 21. Nd4 {[%clk 0:02:04]} Be4
{[%clk 0:01:19]} 22. Qd2 {[%clk 0:01:58]} Re7 {[%clk 0:01:18]} 23. Re3
{[%clk 0:01:54]} Rae8 {[%clk 0:01:16]} 24. Rae1 {[%clk 0:01:55]} Nh7
{[%clk 0:01:01]} 25. Bg2 {[%clk 0:01:43]} Bxg2 {[%clk 0:00:50]} 26. Kxg2
{[%clk 0:01:43]} g6 {[%clk 0:00:45]} 27. Nf3 {[%clk 0:01:11]} Rxe3
{[%clk 0:00:34]} 28. Rxe3 {[%clk 0:01:12]} Rxe3 {[%clk 0:00:35]} 29. Qxe3
{[%clk 0:01:12]} Nf8 {[%clk 0:00:26]} 30. Ng5 {[%clk 0:00:48]} Qd8
{[%clk 0:00:18]} 31. h4 {[%clk 0:00:48]} Qd7 {[%clk 0:00:13]} 32. Qe5
{[%clk 0:00:32]} Ne6 {[%clk 0:00:10]} 33. Nf3 {[%clk 0:00:33]} b5
{[%clk 0:00:06]} 34. h5 {[%clk 0:00:33]} gxh5 {[%clk 0:00:06]} 35. Qxh5
{[%clk 0:00:34]} Kf8 {[%clk 0:00:05]} 36. Qe5 {[%clk 0:00:35]} Ke8 1-0

[Event "Russian Blitz Team Championship (m)"]
[Site "Sochi"]
[Date "2022.10.17"]
[Round "11.12"]
[White "Aleksandrov, Aleksej"]
[Black "Faizrakhmanov, Ramil"]
[Result "1/2-1/2"]
[BlackElo "2421"]
[WhiteElo "2397"]
[LiveChessVersion "1.4.8"]

1. d4 {[%clk 0:03:03]} Nf6 {[%clk 0:03:03]} 2. c4 {[%clk 0:03:05]} e6
{[%clk 0:03:04]} 3. Nc3 {[%clk 0:03:06]} Bb4 {[%clk 0:03:05]} 4. Bd2
{[%clk 0:03:07]} O-O {[%clk 0:03:05]} 5. e3 {[%clk 0:03:08]} d5 {[%clk 0:03:04]}
6. Rc1 {[%clk 0:03:03]} b6 {[%clk 0:03:02]} 7. Nf3 {[%clk 0:02:48]} Bb7
{[%clk 0:03:02]} 8. a3 {[%clk 0:02:41]} Be7 {[%clk 0:03:02]} 9. cxd5
{[%clk 0:02:22]} exd5 {[%clk 0:03:03]} 10. Be2 {[%clk 0:02:18]} c5
{[%clk 0:02:51]} 11. O-O {[%clk 0:02:08]} Nc6 {[%clk 0:02:46]} 12. dxc5
{[%clk 0:01:52]} bxc5 {[%clk 0:02:45]} 13. Qc2 {[%clk 0:01:47]} d4
{[%clk 0:02:26]} 14. Na4 {[%clk 0:01:48]} dxe3 {[%clk 0:02:11]} 15. Bxe3
{[%clk 0:01:42]} Nd4 {[%clk 0:02:12]} 16. Bxd4 {[%clk 0:01:39]} cxd4
{[%clk 0:02:12]} 17. Rcd1 {[%clk 0:01:36]} Be4 {[%clk 0:01:42]} 18. Qd2
{[%clk 0:01:25]} d3 {[%clk 0:01:39]} 19. Bxd3 {[%clk 0:01:22]} Bxf3
{[%clk 0:01:39]} 20. gxf3 {[%clk 0:01:23]} g6 {[%clk 0:01:19]} 21. Rfe1
{[%clk 0:01:17]} Qc7 {[%clk 0:01:14]} 22. Bf1 {[%clk 0:00:50]} Rad8
{[%clk 0:01:02]} 23. Qc1 {[%clk 0:00:45]} Qb7 {[%clk 0:00:48]} 24. Rxd8
{[%clk 0:00:40]} Rxd8 {[%clk 0:00:47]} 25. b4 {[%clk 0:00:39]} Bd6
{[%clk 0:00:44]} 26. Nc5 {[%clk 0:00:38]} Qxf3 {[%clk 0:00:42]} 27. Bg2
{[%clk 0:00:30]} Qh5 {[%clk 0:00:42]} 28. h3 {[%clk 0:00:31]} Rc8
{[%clk 0:00:33]} 29. Qb2 {[%clk 0:00:30]} Qg5 {[%clk 0:00:20]} 30. Nd3
{[%clk 0:00:27]} Nd5 {[%clk 0:00:15]} 31. Qd4 {[%clk 0:00:28]} Nf4
{[%clk 0:00:12]} 32. Nxf4 {[%clk 0:00:28]} Qxf4 {[%clk 0:00:10]} 33. Qxf4
{[%clk 0:00:26]} Bxf4 {[%clk 0:00:11]} 34. Bd5 {[%clk 0:00:25]} Rc7
{[%clk 0:00:07]} 35. Kg2 {[%clk 0:00:24]} Bd6 {[%clk 0:00:07]} 36. Re4
{[%clk 0:00:23]} h5 {[%clk 0:00:07]} 37. a4 {[%clk 0:00:24]} Kg7 {[%clk 0:00:07]}
1/2-1/2

[Event "Russian Blitz Team Championship (m)"]
[Site "Sochi"]
[Date "2022.10.17"]
[Round "11.13"]
[White "Kezin, Roman"]
[Black "Zakhartsov, Vladimir"]
[Result "0-1"]
[BlackElo "2492"]
[WhiteElo "2503"]
[LiveChessVersion "1.4.8"]

1. Nf3 {[%clk 0:03:04]} g6 {[%clk 0:03:01]} 2. d4 {[%clk 0:03:04]} Bg7
{[%clk 0:03:02]} 3. c4 {[%clk 0:03:02]} c5 {[%clk 0:02:59]} 4. d5
{[%clk 0:03:02]} e6 {[%clk 0:02:52]} 5. Nc3 {[%clk 0:03:00]} exd5
{[%clk 0:02:47]} 6. cxd5 {[%clk 0:03:01]} d6 {[%clk 0:02:48]} 7. Bf4
{[%clk 0:02:52]} Nf6 {[%clk 0:02:40]} 8. h3 {[%clk 0:02:53]} O-O {[%clk 0:02:38]}
9. e3 {[%clk 0:02:55]} Bf5 {[%clk 0:02:31]} 10. Nd2 {[%clk 0:02:55]} Re8
{[%clk 0:02:28]} 11. Bb5 {[%clk 0:02:28]} Nbd7 {[%clk 0:02:04]} 12. Bxd6
{[%clk 0:02:16]} a6 {[%clk 0:02:05]} 13. Be2 {[%clk 0:02:12]} Nb6
{[%clk 0:02:01]} 14. Bxc5 {[%clk 0:01:56]} Nbxd5 {[%clk 0:01:59]} 15. Bd4
{[%clk 0:01:51]} Nb4 {[%clk 0:01:49]} 16. O-O {[%clk 0:01:42]} Nc2
{[%clk 0:01:48]} 17. Bxf6 {[%clk 0:01:42]} Bxf6 {[%clk 0:01:39]} 18. Rc1
{[%clk 0:01:42]} Nb4 {[%clk 0:01:38]} 19. Nf3 {[%clk 0:00:27]} Bxc3
{[%clk 0:01:17]} 20. Rxc3 {[%clk 0:00:24]} Qxd1 {[%clk 0:01:06]} 21. Rxd1
{[%clk 0:00:21]} Nxa2 {[%clk 0:01:06]} 22. Rc7 {[%clk 0:00:19]} b5
{[%clk 0:00:50]} 23. Nd4 {[%clk 0:00:20]} Rac8 {[%clk 0:00:22]} 24. Rxc8
{[%clk 0:00:08]} Bxc8 {[%clk 0:00:17]} 25. Nc6 {[%clk 0:00:08]} Bb7
{[%clk 0:00:11]} 26. Bf3 {[%clk 0:00:06]} Bxc6 {[%clk 0:00:09]} 27. Bxc6
{[%clk 0:00:07]} Re7 {[%clk 0:00:10]} 28. Rd4 {[%clk 0:00:04]} Rc7
{[%clk 0:00:09]} 29. Bd5 {[%clk 0:00:03]} Nc1 {[%clk 0:00:09]} 30. Kh2
{[%clk 0:00:03]} a5 {[%clk 0:00:06]} 31. Rd2 {[%clk 0:00:03]} a4 32. Rd4
{[%clk 0:00:03]} Rc2 {[%clk 0:00:06]} 33. Rb4 {[%clk 0:00:03]} Rc5
{[%clk 0:00:06]} 34. Be4 {[%clk 0:00:03]} Rc4 {[%clk 0:00:05]} 35. Rxc4
{[%clk 0:00:03]} bxc4 {[%clk 0:00:06]} 36. Bc2 {[%clk 0:00:03]} c3
{[%clk 0:00:04]} 37. bxc3 {[%clk 0:00:03]} a3 {[%clk 0:00:05]} 38. Bb1
{[%clk 0:00:03]} a2 {[%clk 0:00:06]} 39. Bxa2 {[%clk 0:00:04]} Nxa2
{[%clk 0:00:07]} 40. c4 {[%clk 0:00:06]} Nb4 {[%clk 0:00:08]} 41. Kg3
{[%clk 0:00:06]} f6 {[%clk 0:00:09]} 42. Kf3 {[%clk 0:00:06]} Kf7
{[%clk 0:00:10]} 43. Ke4 {[%clk 0:00:07]} Ke6 {[%clk 0:00:11]} 44. g4
{[%clk 0:00:07]} Na6 {[%clk 0:00:10]} 45. Kd4 {[%clk 0:00:07]} Kd6
{[%clk 0:00:12]} 46. f4 {[%clk 0:00:07]} Nc5 {[%clk 0:00:12]} 47. f5
{[%clk 0:00:03]} g5 {[%clk 0:00:11]} 48. e4 {[%clk 0:00:03]} Nd7 {[%clk 0:00:11]}
49. Ke3 {[%clk 0:00:03]} Kc5 {[%clk 0:00:12]} 50. Kd3 {[%clk 0:00:03]} Ne5+
{[%clk 0:00:13]} 51. Kc3 {[%clk 0:00:03]} Nxc4 {[%clk 0:00:14]} 52. Kd3
{[%clk 0:00:03]} Ne5+ {[%clk 0:00:15]} 53. Kc3 {[%clk 0:00:04]} h6
{[%clk 0:00:16]} 54. Kd2 {[%clk 0:00:04]} Kd4 {[%clk 0:00:17]} 55. Ke2
{[%clk 0:00:05]} Kxe4 {[%clk 0:00:18]} 0-1

[Event "Russian Blitz Team Championship (m)"]
[Site "Sochi"]
[Date "2022.10.17"]
[Round "11.14"]
[White "Zakhartsov, Viacheslav V."]
[Black "Obgolts, Erik"]
[Result "1/2-1/2"]
[BlackElo "2407"]
[WhiteElo "2414"]
[LiveChessVersion "1.4.8"]

1. d4 {[%clk 0:03:02]} Nf6 {[%clk 0:03:03]} 2. c4 {[%clk 0:03:03]} e6
{[%clk 0:03:04]} 3. Nc3 {[%clk 0:03:03]} Bb4 {[%clk 0:03:05]} 4. e3
{[%clk 0:03:05]} O-O {[%clk 0:03:04]} 5. Nge2 {[%clk 0:03:06]} Re8
{[%clk 0:03:05]} 6. a3 {[%clk 0:03:07]} Bf8 {[%clk 0:03:06]} 7. Ng3
{[%clk 0:03:05]} d5 {[%clk 0:03:05]} 8. Be2 {[%clk 0:03:06]} c5 {[%clk 0:02:41]}
9. dxc5 {[%clk 0:03:07]} Bxc5 {[%clk 0:02:41]} 10. O-O {[%clk 0:03:07]} Nc6
{[%clk 0:02:21]} 11. b4 {[%clk 0:03:01]} Bf8 {[%clk 0:02:18]} 12. Bb2
{[%clk 0:03:00]} a6 {[%clk 0:02:04]} 13. cxd5 {[%clk 0:02:31]} exd5
{[%clk 0:02:04]} 14. Na4 {[%clk 0:02:23]} Be6 {[%clk 0:01:52]} 15. Rc1
{[%clk 0:02:20]} Ne4 {[%clk 0:01:42]} 16. Nxe4 {[%clk 0:02:10]} dxe4
{[%clk 0:01:43]} 17. Nc5 {[%clk 0:02:11]} Bxc5 {[%clk 0:01:33]} 18. Rxc5
{[%clk 0:02:12]} Qxd1 {[%clk 0:01:31]} 19. Rxd1 {[%clk 0:02:13]} Rad8
{[%clk 0:01:32]} 20. Kf1 {[%clk 0:01:59]} Rxd1+ {[%clk 0:01:32]} 21. Bxd1
{[%clk 0:02:00]} Rd8 {[%clk 0:01:33]} 22. Ke1 {[%clk 0:02:01]} Rd5
{[%clk 0:01:25]} 23. Rxd5 Bxd5 {[%clk 0:01:26]} 24. f4 {[%clk 0:01:33]} f5
{[%clk 0:01:03]} 25. g4 {[%clk 0:01:29]} g6 {[%clk 0:01:04]} 26. g5
{[%clk 0:01:14]} b5 {[%clk 0:00:53]} 1/2-1/2

[Event "Russian Blitz Team Championship (m)"]
[Site "Sochi"]
[Date "2022.10.17"]
[Round "11.15"]
[White "Khubukshanov, Erdem"]
[Black "Kukhmazov, Arsen"]
[Result "0-1"]
[BlackElo "2395"]
[WhiteElo "2377"]
[LiveChessVersion "1.4.8"]

1. e4 {[%clk 0:03:02]} c6 {[%clk 0:03:04]} 2. d4 {[%clk 0:03:03]} d5
{[%clk 0:03:05]} 3. e5 {[%clk 0:03:04]} Bf5 {[%clk 0:03:06]} 4. h4
{[%clk 0:03:05]} h5 {[%clk 0:03:07]} 5. Bd3 {[%clk 0:03:06]} Bxd3
{[%clk 0:03:08]} 6. Qxd3 {[%clk 0:03:07]} Qa5+ {[%clk 0:03:10]} 7. Nd2
{[%clk 0:03:07]} e6 {[%clk 0:03:11]} 8. Ngf3 {[%clk 0:03:07]} Nh6
{[%clk 0:03:12]} 9. O-O {[%clk 0:03:07]} Nf5 {[%clk 0:03:14]} 10. Nb3 Qa6 11. Qd1
{[%clk 0:03:09]} b6 {[%clk 0:03:17]} 12. Bg5 {[%clk 0:03:05]} c5 {[%clk 0:03:18]}
13. c3 {[%clk 0:02:59]} Nc6 {[%clk 0:03:20]} 14. a4 {[%clk 0:02:56]} cxd4
{[%clk 0:02:43]} 15. cxd4 {[%clk 0:02:56]} Bb4 {[%clk 0:02:44]} 16. Nc1
{[%clk 0:02:37]} Rc8 {[%clk 0:02:15]} 17. Nd3 {[%clk 0:02:30]} Be7
{[%clk 0:02:16]} 18. Bxe7 {[%clk 0:02:28]} Ncxe7 {[%clk 0:02:06]} 19. Qd2
{[%clk 0:02:07]} Nc6 {[%clk 0:01:39]} 20. Rfc1 {[%clk 0:01:22]} O-O
{[%clk 0:01:40]} 21. Nf4 {[%clk 0:01:22]} Qa5 {[%clk 0:01:28]} 22. Qd3
{[%clk 0:01:13]} g6 {[%clk 0:01:23]} 23. Rc3 {[%clk 0:01:07]} Qb4
{[%clk 0:00:59]} 24. Rac1 {[%clk 0:01:07]} Nce7 {[%clk 0:01:01]} 25. Qa6
{[%clk 0:00:49]} Rxc3 {[%clk 0:00:27]} 26. bxc3 Qa3 27. Ne2 {[%clk 0:00:46]} Nc6
{[%clk 0:00:29]} 28. Ne1 {[%clk 0:00:23]} Qb2 {[%clk 0:00:24]} 29. Qd3
{[%clk 0:00:21]} Nxh4 {[%clk 0:00:18]} 30. Nc2 {[%clk 0:00:13]} Qb3
{[%clk 0:00:19]} 31. Ra1 {[%clk 0:00:06]} Nf5 {[%clk 0:00:16]} 32. Kh2
{[%clk 0:00:07]} Rc8 {[%clk 0:00:16]} 33. Qd2 {[%clk 0:00:06]} Na5
{[%clk 0:00:17]} 34. Nc1 {[%clk 0:00:06]} Qxc3 {[%clk 0:00:18]} 35. Qxc3
{[%clk 0:00:07]} Rxc3 {[%clk 0:00:19]} 36. Nb4 {[%clk 0:00:07]} Nxd4
{[%clk 0:00:20]} 37. Ncd3 {[%clk 0:00:09]} Nab3 {[%clk 0:00:15]} 38. Rd1
{[%clk 0:00:10]} a5 {[%clk 0:00:15]} 39. Na6 {[%clk 0:00:11]} Nc6
{[%clk 0:00:11]} 40. Nc7 {[%clk 0:00:12]} Nxe5 {[%clk 0:00:10]} 41. Nxe5 Rxc7
{[%clk 0:00:11]} 42. Rb1 {[%clk 0:00:14]} Rc3 {[%clk 0:00:12]} 43. Nd7
{[%clk 0:00:16]} Nc5 {[%clk 0:00:09]} 44. Nxb6 {[%clk 0:00:16]} Ra3
{[%clk 0:00:11]} 45. Rb5 {[%clk 0:00:16]} Nb3 {[%clk 0:00:11]} 46. Nd7
{[%clk 0:00:17]} Kg7 {[%clk 0:00:11]} 47. Rb7 {[%clk 0:00:18]} Nd4
{[%clk 0:00:08]} 48. Ne5 {[%clk 0:00:19]} Kf6 {[%clk 0:00:09]} 49. f4
{[%clk 0:00:20]} Kf5 {[%clk 0:00:09]} 50. Rxf7+ {[%clk 0:00:21]} Ke4
{[%clk 0:00:11]} 51. Nxg6 {[%clk 0:00:21]} Rxa4 {[%clk 0:00:12]} 52. Nf8
{[%clk 0:00:17]} Ra2 {[%clk 0:00:12]} 53. Rf6 {[%clk 0:00:15]} a4
{[%clk 0:00:08]} 54. Nh7 {[%clk 0:00:12]} a3 {[%clk 0:00:08]} 55. Ng5+
{[%clk 0:00:13]} Ke3 {[%clk 0:00:10]} 56. f5 {[%clk 0:00:06]} exf5
{[%clk 0:00:10]} 57. Nf7 {[%clk 0:00:07]} Rb2 {[%clk 0:00:10]} 58. Ra6
{[%clk 0:00:08]} a2 {[%clk 0:00:11]} 59. Nd6 {[%clk 0:00:07]} f4 {[%clk 0:00:12]}
60. Kh3 {[%clk 0:00:07]} Nb3 {[%clk 0:00:13]} 61. Nf5+ {[%clk 0:00:08]} Kf2
{[%clk 0:00:13]} 62. Ne7 {[%clk 0:00:05]} d4 {[%clk 0:00:13]} 63. Nd5
{[%clk 0:00:06]} a1=Q {[%clk 0:00:11]} 64. Rxa1 0-1

[Event "Russian Blitz Team Championship (m)"]
[Site "Sochi"]
[Date "2022.10.17"]
[Round "11.16"]
[White "Bryakin, Mikhail"]
[Black "Bocharov, Dmitry"]
[Result "0-1"]
[BlackElo "2484"]
[WhiteElo "2367"]
[LiveChessVersion "1.4.8"]

1. d4 {[%clk 0:03:03]} Nf6 {[%clk 0:03:03]} 2. c4 {[%clk 0:03:04]} e6
{[%clk 0:03:04]} 3. Nf3 {[%clk 0:03:05]} d5 {[%clk 0:03:05]} 4. g3
{[%clk 0:03:07]} dxc4 {[%clk 0:03:05]} 5. Bg2 {[%clk 0:03:08]} c6
{[%clk 0:03:06]} 6. a4 {[%clk 0:03:08]} Bb4+ {[%clk 0:03:05]} 7. Bd2
{[%clk 0:03:09]} a5 {[%clk 0:03:05]} 8. Qc2 {[%clk 0:02:59]} O-O {[%clk 0:03:02]}
9. Qxc4 {[%clk 0:02:55]} Bxd2+ {[%clk 0:03:02]} 10. Nbxd2 {[%clk 0:02:55]} b6
{[%clk 0:03:03]} 11. Qc2 {[%clk 0:02:46]} Bb7 {[%clk 0:02:37]} 12. O-O
{[%clk 0:02:45]} Na6 {[%clk 0:02:37]} 13. Rac1 {[%clk 0:02:38]} c5
{[%clk 0:02:32]} 14. dxc5 {[%clk 0:02:24]} Nxc5 {[%clk 0:02:32]} 15. Rfd1
{[%clk 0:02:18]} Rc8 {[%clk 0:02:32]} 16. Nc4 {[%clk 0:02:09]} Bd5
{[%clk 0:02:31]} 17. Nfe5 {[%clk 0:02:00]} Qc7 {[%clk 0:02:29]} 18. b3
{[%clk 0:01:40]} Rfd8 {[%clk 0:02:29]} 19. Nd3 {[%clk 0:00:46]} Nxb3
{[%clk 0:02:00]} 20. Qxb3 {[%clk 0:00:39]} Bxc4 {[%clk 0:02:00]} 21. Qb2
{[%clk 0:00:37]} Qb8 {[%clk 0:01:56]} 22. Nf4 {[%clk 0:00:33]} Rxd1+
{[%clk 0:01:36]} 23. Rxd1 {[%clk 0:00:35]} h6 {[%clk 0:01:35]} 24. h3
{[%clk 0:00:32]} Rd8 {[%clk 0:01:11]} 25. Rc1 {[%clk 0:00:33]} b5
{[%clk 0:01:10]} 26. axb5 {[%clk 0:00:34]} Qxb5 {[%clk 0:01:10]} 27. Qxb5
{[%clk 0:00:32]} Bxb5 {[%clk 0:01:11]} 28. Rc5 {[%clk 0:00:30]} Rb8
{[%clk 0:01:12]} 29. Nd3 {[%clk 0:00:27]} a4 {[%clk 0:01:12]} 30. Rc7
{[%clk 0:00:22]} Bxd3 {[%clk 0:01:06]} 31. exd3 {[%clk 0:00:23]} Rb1+
{[%clk 0:01:06]} 32. Kh2 {[%clk 0:00:25]} Rb2 {[%clk 0:01:06]} 33. Ra7
{[%clk 0:00:22]} Rxf2 {[%clk 0:01:04]} 34. Rxa4 {[%clk 0:00:23]} Rd2
{[%clk 0:01:05]} 35. Rd4 {[%clk 0:00:22]} g5 {[%clk 0:01:04]} 36. Kg1
{[%clk 0:00:22]} Kf8 {[%clk 0:01:03]} 37. Bf3 {[%clk 0:00:22]} Ke7
{[%clk 0:01:02]} 38. h4 {[%clk 0:00:10]} gxh4 {[%clk 0:00:48]} 39. Rxh4
{[%clk 0:00:10]} Rxd3 {[%clk 0:00:48]} 40. Kf2 {[%clk 0:00:12]} Ng8 41. Rg4 Kf8
{[%clk 0:00:41]} 42. Rh4 {[%clk 0:00:15]} Rc3 {[%clk 0:00:40]} 43. Ra4
{[%clk 0:00:14]} Nf6 {[%clk 0:00:39]} 44. Rh4 {[%clk 0:00:15]} Kg7
{[%clk 0:00:40]} 45. Ra4 {[%clk 0:00:17]} Rc5 {[%clk 0:00:40]} 46. Ra7
{[%clk 0:00:17]} Rf5 {[%clk 0:00:40]} 47. Kg2 {[%clk 0:00:19]} h5
{[%clk 0:00:41]} 48. Ra4 {[%clk 0:00:18]} Kg6 {[%clk 0:00:41]} 49. Be2
{[%clk 0:00:20]} Rc5 {[%clk 0:00:36]} 50. Bd3+ {[%clk 0:00:21]} Kg7
{[%clk 0:00:37]} 51. Be2 {[%clk 0:00:19]} Rc2 {[%clk 0:00:37]} 52. Kf1
{[%clk 0:00:21]} Rb2 {[%clk 0:00:35]} 53. Bf3 {[%clk 0:00:21]} Kg6
{[%clk 0:00:32]} 54. Rc4 {[%clk 0:00:23]} Nd7 {[%clk 0:00:22]} 55. Rh4
{[%clk 0:00:21]} Rb5 {[%clk 0:00:20]} 56. Kf2 {[%clk 0:00:22]} Nf6
{[%clk 0:00:18]} 57. Ra4 {[%clk 0:00:22]} Rb2+ 58. Kf1 Rc2 {[%clk 0:00:16]} 59.
Rb4 {[%clk 0:00:25]} Rc5 {[%clk 0:00:17]} 60. Kf2 {[%clk 0:00:24]} Rc7
{[%clk 0:00:17]} 61. Rb5 {[%clk 0:00:23]} Rd7 {[%clk 0:00:16]} 62. Rb4
{[%clk 0:00:23]} e5 {[%clk 0:00:17]} 63. Rb5 {[%clk 0:00:19]} Kf5
{[%clk 0:00:18]} 64. Ke3 {[%clk 0:00:16]} Ra7 {[%clk 0:00:18]} 65. Kf2
{[%clk 0:00:15]} Ra2+ {[%clk 0:00:14]} 66. Ke3 {[%clk 0:00:16]} Ng4+
{[%clk 0:00:10]} 67. Kd3 {[%clk 0:00:13]} Ra3+ {[%clk 0:00:10]} 68. Ke2
{[%clk 0:00:15]} Re3+ {[%clk 0:00:11]} 0-1

[Event "Russian Blitz Team Championship (m)"]
[Site "Sochi"]
[Date "2022.10.17"]
[Round "12.1"]
[White "Chigaev, Maksim"]
[Black "Smirnov, Pavel"]
[Result "0-1"]
[BlackElo "2467"]
[WhiteElo "2537"]
[LiveChessVersion "1.4.8"]

1. c4 {[%clk 0:03:03]} e6 {[%clk 0:03:03]} 2. g3 {[%clk 0:03:03]} d5
{[%clk 0:03:04]} 3. Bg2 {[%clk 0:03:05]} Nf6 {[%clk 0:03:05]} 4. Nf3
{[%clk 0:03:06]} Be7 {[%clk 0:03:07]} 5. O-O {[%clk 0:03:06]} O-O
{[%clk 0:03:07]} 6. b3 {[%clk 0:03:07]} c5 {[%clk 0:03:08]} 7. cxd5
{[%clk 0:03:04]} Nxd5 {[%clk 0:03:08]} 8. Nc3 {[%clk 0:03:04]} b6
{[%clk 0:03:03]} 9. Nxd5 {[%clk 0:02:50]} exd5 {[%clk 0:03:04]} 10. d4
{[%clk 0:02:50]} Bb7 {[%clk 0:03:01]} 11. Bb2 {[%clk 0:02:44]} Nd7
{[%clk 0:02:57]} 12. Rc1 {[%clk 0:02:38]} Rc8 {[%clk 0:02:57]} 13. dxc5
{[%clk 0:02:10]} bxc5 {[%clk 0:02:58]} 14. Qc2 {[%clk 0:01:41]} Nf6
{[%clk 0:02:52]} 15. Nh4 {[%clk 0:01:18]} g6 {[%clk 0:02:32]} 16. Rfd1
{[%clk 0:01:19]} Qd7 {[%clk 0:02:31]} 17. Nf3 {[%clk 0:01:01]} Rfe8
{[%clk 0:02:14]} 18. Ne5 {[%clk 0:01:02]} Qe6 {[%clk 0:02:14]} 19. Nd3
{[%clk 0:01:03]} Bd6 {[%clk 0:01:58]} 20. e3 {[%clk 0:01:03]} Ba8
{[%clk 0:01:51]} 21. Nf4 {[%clk 0:00:31]} Bxf4 {[%clk 0:01:51]} 22. exf4
{[%clk 0:00:32]} Nd7 {[%clk 0:01:23]} 23. b4 {[%clk 0:00:25]} cxb4
{[%clk 0:01:05]} 24. Qd2 {[%clk 0:00:25]} a5 {[%clk 0:01:00]} 25. h4
{[%clk 0:00:13]} h5 {[%clk 0:00:38]} 26. Qd4 {[%clk 0:00:11]} f6 {[%clk 0:00:39]}
27. Kh2 {[%clk 0:00:12]} Rxc1 {[%clk 0:00:15]} 28. Rxc1 {[%clk 0:00:13]} Qb6
{[%clk 0:00:15]} 29. Bxd5+ {[%clk 0:00:06]} Bxd5 {[%clk 0:00:16]} 30. Qxd5+
{[%clk 0:00:07]} Qe6 {[%clk 0:00:17]} 31. Qxa5 {[%clk 0:00:05]} Kf7
{[%clk 0:00:12]} 32. Rc7 {[%clk 0:00:06]} Re7 {[%clk 0:00:13]} 33. Qxb4
{[%clk 0:00:05]} Qxa2 {[%clk 0:00:14]} 34. Bd4 {[%clk 0:00:05]} Qe6
{[%clk 0:00:11]} 35. Be3 {[%clk 0:00:04]} f5 {[%clk 0:00:08]} 36. Qa3
{[%clk 0:00:05]} Nf6 {[%clk 0:00:09]} 37. Rxe7+ Qxe7 {[%clk 0:00:09]} 38. Bc5
{[%clk 0:00:05]} Qd7 {[%clk 0:00:07]} 39. Qa2+ {[%clk 0:00:04]} Qd5
{[%clk 0:00:07]} 40. Qxd5+ {[%clk 0:00:04]} Nxd5 {[%clk 0:00:08]} 41. Kg2
{[%clk 0:00:05]} 0-1

[Event "Russian Blitz Team Championship (m)"]
[Site "Sochi"]
[Date "2022.10.17"]
[Round "12.2"]
[White "Demidov, Mikhail"]
[Black "Tomashevsky, Evgeny"]
[Result "1/2-1/2"]
[BlackElo "2695"]
[WhiteElo "2520"]
[LiveChessVersion "1.4.8"]

1. Nf3 {[%clk 0:03:02]} d5 {[%clk 0:03:03]} 2. d4 {[%clk 0:03:03]} Nf6
{[%clk 0:03:04]} 3. Bf4 {[%clk 0:03:05]} c5 {[%clk 0:03:04]} 4. dxc5
{[%clk 0:03:06]} e6 {[%clk 0:03:03]} 5. e3 {[%clk 0:03:07]} Bxc5 {[%clk 0:03:02]}
6. Be2 {[%clk 0:03:08]} O-O {[%clk 0:03:00]} 7. O-O {[%clk 0:03:09]} Nc6
{[%clk 0:03:00]} 8. c4 {[%clk 0:03:10]} dxc4 {[%clk 0:02:57]} 9. Bxc4
{[%clk 0:03:11]} Qxd1 {[%clk 0:02:49]} 10. Rxd1 {[%clk 0:03:12]} Bd7
{[%clk 0:02:50]} 11. Nc3 {[%clk 0:03:04]} Rfd8 {[%clk 0:02:45]} 12. Bc7
{[%clk 0:02:37]} Rdc8 {[%clk 0:02:45]} 13. Bf4 {[%clk 0:02:37]} Rd8
{[%clk 0:02:46]} 14. Rac1 {[%clk 0:02:27]} Be8 {[%clk 0:02:44]} 15. h3
{[%clk 0:02:28]} Kf8 {[%clk 0:02:34]} 16. a3 {[%clk 0:02:22]} Rxd1+
{[%clk 0:02:25]} 17. Rxd1 Rd8 {[%clk 0:02:24]} 18. Rxd8 {[%clk 0:02:21]} Nxd8
{[%clk 0:02:25]} 19. Kf1 {[%clk 0:02:16]} Ke7 {[%clk 0:02:17]} 20. Ke2
{[%clk 0:02:14]} Bd6 {[%clk 0:02:08]} 21. Bxd6+ {[%clk 0:02:02]} Kxd6
{[%clk 0:02:09]} 22. Nd4 {[%clk 0:01:56]} a6 {[%clk 0:02:01]} 23. f4
{[%clk 0:01:49]} Nc6 {[%clk 0:01:59]} 24. Nf3 {[%clk 0:01:43]} h6
{[%clk 0:01:41]} 25. g4 {[%clk 0:01:43]} Ke7 {[%clk 0:01:33]} 26. Bd3
{[%clk 0:01:41]} Nd7 {[%clk 0:01:27]} 27. h4 {[%clk 0:01:35]} Nc5
{[%clk 0:01:20]} 28. Bc2 {[%clk 0:01:34]} f6 {[%clk 0:01:16]} 29. g5
{[%clk 0:01:33]} hxg5 {[%clk 0:01:15]} 30. hxg5 {[%clk 0:01:34]} Bh5
{[%clk 0:01:15]} 31. Kf2 {[%clk 0:01:29]} Bxf3 {[%clk 0:01:13]} 32. gxf6+
{[%clk 0:01:30]} gxf6 {[%clk 0:01:13]} 33. Kxf3 {[%clk 0:01:31]} f5
{[%clk 0:01:12]} 34. Ke2 {[%clk 0:01:21]} a5 {[%clk 0:01:13]} 35. Nb5
{[%clk 0:01:13]} b6 {[%clk 0:01:10]} 36. Kd2 {[%clk 0:01:14]} Nb7
{[%clk 0:01:02]} 37. Kc3 {[%clk 0:01:03]} Nd6 {[%clk 0:01:02]} 38. Bd3
{[%clk 0:01:04]} Nxb5+ {[%clk 0:00:50]} 39. Bxb5 {[%clk 0:01:04]} Nd8
{[%clk 0:00:51]} 40. Kd4 {[%clk 0:00:56]} Nb7 {[%clk 0:00:47]} 41. Bd3
{[%clk 0:00:44]} Nd6 {[%clk 0:00:47]} 42. Ke5 {[%clk 0:00:36]} Nf7+
{[%clk 0:00:47]} 43. Kd4 {[%clk 0:00:37]} Nd6 {[%clk 0:00:48]} 44. Ke5
{[%clk 0:00:38]} Nf7+ {[%clk 0:00:50]} 45. Ke4 1/2-1/2

[Event "Russian Blitz Team Championship (m)"]
[Site "Sochi"]
[Date "2022.10.17"]
[Round "12.3"]
[White "Drygalov, Andrey"]
[Black "Petrov, Nikita"]
[Result "1/2-1/2"]
[BlackElo "2528"]
[WhiteElo "2498"]
[LiveChessVersion "1.4.8"]

1. e4 {[%clk 0:03:02]} e5 {[%clk 0:03:03]} 2. Nf3 {[%clk 0:03:03]} Nc6
{[%clk 0:03:04]} 3. Bc4 {[%clk 0:03:04]} Bc5 {[%clk 0:03:04]} 4. O-O
{[%clk 0:03:04]} d6 {[%clk 0:03:05]} 5. c3 {[%clk 0:03:01]} Nf6 {[%clk 0:03:05]}
6. d3 {[%clk 0:03:02]} a5 {[%clk 0:03:05]} 7. Re1 {[%clk 0:03:02]} O-O
{[%clk 0:03:02]} 8. Nbd2 {[%clk 0:03:03]} Be6 {[%clk 0:02:58]} 9. Bb5
{[%clk 0:03:03]} Ba7 {[%clk 0:02:53]} 10. Nf1 {[%clk 0:02:58]} Ne7
{[%clk 0:02:44]} 11. d4 {[%clk 0:02:45]} Ng6 {[%clk 0:02:45]} 12. h3
{[%clk 0:02:30]} exd4 {[%clk 0:02:29]} 13. cxd4 {[%clk 0:02:28]} d5
{[%clk 0:02:30]} 14. e5 {[%clk 0:02:23]} Ne4 {[%clk 0:02:31]} 15. Bd3
{[%clk 0:02:17]} c5 {[%clk 0:02:32]} 16. dxc5 {[%clk 0:02:00]} 1/2-1/2